| 000 | 01485cam a22004097a 4500 | ||
|---|---|---|---|
| 003 | CHAP | ||
| 005 | 20220817043806.0 | ||
| 008 | 010828d2001 mx ad r 00110 spa d | ||
| 010 | _a84541 | ||
| 011 | _a85513 | ||
| 035 | _a96046 | ||
| 040 | _cCHAP | ||
| 090 | _aTesis | ||
| 100 | 0 | 0 |
_aSalgado Tránsito, Jorge Arturo. _9101612 |
| 245 | 1 | 0 |
_aPrograma de cómputo para la estimación de los requerimientos de riego y drenaje _c/por Jorge Arturo Salgado Tránsito |
| 260 |
_aChapingo, Méx. : _bEl autor, _c2001. |
||
| 300 |
_a73 h. : _bilus. ; gráfs. ; cuadros ; + 1 disco compacto |
||
| 502 | _aTesis (Ing. en Irrigación) -- UACH. Departamento de Irrigación | ||
| 590 |
_aALEPH _b10 _c20130110 _lUCH01 _h1443 |
||
| 590 |
_aBATCH-UPD _b10 _c20130110 _lUCH01 _h0138 |
||
| 590 |
_aBATCH-UPD _b10 _c20130110 _lUCH01 _h1109 |
||
| 590 |
_aBATCH-UPD _b10 _c20130409 _lUCH01 _h2135 |
||
| 590 |
_aBATCH-UPD _b10 _c20130410 _lUCH01 _h0701 |
||
| 590 |
_aBATCH-UPD _b10 _c20130913 _lUCH01 _h2247 |
||
| 590 |
_aCONVERSION _b10 _c20130109 _lUCH01 _h1347 |
||
| 650 | 1 | 4 |
_aAgua en suelos. _92428 |
| 650 | 1 | 4 |
_aBalance hídrico. _99602 |
| 650 | 1 | 4 | _aC (Programación) |
| 650 | 1 | 4 |
_aDrenaje. _934190 |
| 650 | 1 | 4 |
_aEvapotranspiración. _938968 |
| 650 | 1 | 4 |
_aIrrigación. _960366 |
| 901 | _aBK | ||
| 905 | _aMarco A. Mendoza T. | ||
| 942 | _cFOLL | ||
| 949 |
_aTesis _bBC _cTES _d33724000854121 _eTS2 _fc.2 _gDonaciØn _h38465 _i96046 _sb |
||
| 949 |
_aTesis _bBC _cTES _d960461 _eTS1 _gDonaciØn _h38464 _i96046 _sb |
||
| 999 |
_c84541 _d84541 |
||